5HLuxD.jpg

KING HENRY VIII SENIOR AND PRIMARY SCHOOL LIBRARY OPAC

The little bear book / (Record no. 1801)

000 -LEADER
fixed length control field 00853cam a2200253 a 4500
001 - CONTROL NUMBER
control field (Sirsi) a796465
003 - CONTROL NUMBER IDENTIFIER
control field OSt
005 - DATE AND TIME OF LATEST TRANSACTION
control field 20230131085601.0
008 - FIXED-LENGTH DATA ELEMENTS--GENERAL INFORMATION
fixed length control field 140110r20131988enka a 000 1 eng d
020 ## - INTERNATIONAL STANDARD BOOK NUMBER
International Standard Book Number 9781406341638 (pbk.) :
040 ## - CATALOGING SOURCE
Original cataloging agency TT
Language of cataloging eng
Modifying agency TAE
-- KH8
Transcribing agency .
042 ## - AUTHENTICATION CODE
Authentication code nbic
082 0# - DEWEY DECIMAL CLASSIFICATION NUMBER
Classification number 823.914 BRO
100 1# - MAIN ENTRY--PERSONAL NAME
Personal name Browne, Anthony,
Dates associated with a name 1946-
Relator term author
245 14 - TITLE STATEMENT
Title The little bear book /
Statement of responsibility, etc. Anthony Browne.
260 ## - PUBLICATION, DISTRIBUTION, ETC.
Place of publication, distribution, etc. London :
Name of publisher, distributor, etc. Walker Books,
Date of publication, distribution, etc. 2013.
300 ## - PHYSICAL DESCRIPTION
Extent [22] p. :
Other physical details col. ill. ;
Dimensions 26 cm.
500 ## - GENERAL NOTE
General note Originally published: Hamish Hamilton Children's Books, 1988.
520 ## - SUMMARY, ETC.
Summary, etc. As Bear walks in the forest, with pencil in hand, he meets several grumpy forest dwellers and knows just what to do for them.
521 1# - TARGET AUDIENCE NOTE
Target audience note 3-6.
650 #0 - SUBJECT ADDED ENTRY--TOPICAL TERM
Topical term or geographic name entry element Bears
Form subdivision Juvenile fiction.
650 #0 - SUBJECT ADDED ENTRY--TOPICAL TERM
Topical term or geographic name entry element Drawing
Form subdivision Juvenile fiction.
942 ## - ADDED ENTRY ELEMENTS (KOHA)
Source of classification or shelving scheme
Koha item type Books - Non Ficton
Holdings
Withdrawn status Lost status Source of classification or shelving scheme Damaged status Not for loan Collection code Permanent Location Current Location Shelving location Date acquired Total Checkouts Full call number Barcode Date last seen Date last checked out Price effective from Koha item type
          Non-Fiction KH8 Primary School Library KH8 Primary School Library Non Fiction 2023-01-31 24 823.914 BRO KHPL000003555 2026-03-10 2026-03-03 2023-01-31 Books - Non Ficton

Powered By KH8 IT Dept